000 00452nam a22001697a 4500
003 CEME
005 20210628205104.0
008 210224b xxu||||| |||| 00| 0 eng d
020 _a0-7923-9781-9
040 _c.
082 _a621.381535 HON'D
100 _aHogervorst, R Huijsing, J. M
_973817
245 _aDesign of low voltage low power operational amplifier cells
260 _aBOSTON
_bKLUWER
_c1996
300 _aXII, 207P
942 _cBK
_2ddc
999 _c579460
_d579460